Radiografa̕ del desencanto la participacin̤ electoral en Colombia /

Detalles Bibliográficos
Autor principal: Basset, Yann
Otros Autores: Guavita, Lina Vanessa
Formato: eBook
Lenguaje:español
Publicado: Bogot:̀ Editorial Universidad de Rosario (Colombia), 2019
Materias:
Acceso en línea:Acceso restringido

MARC

LEADER 00000nam a22000007a 4500
005 20200109225433.0
007 cr|||| ||||
008 200109s2019 co |||||s|||| 00||0 spa d
020 |a 978-958-784-299-9 
035 |a 30939 
040 |a vLex 
090 |c 10107  |d 10107 
100 1 |a Basset, Yann 
245 1 0 |a Radiografa̕ del desencanto  |h [Recurso electrn̤ico] :  |b la participacin̤ electoral en Colombia /  |c Yann Basset, Lina Vanessa Guavita 
256 |a Servicio en ln̕ea 
260 |a Bogot:̀  |b Editorial Universidad de Rosario (Colombia),  |c 2019 
300 |a 1 recurso electrn̤ico 
500 |a Colombia tiene la reputacin̤ de ser uno de los pas̕es con menor participacin̤ electoral en Amřica Latina, lo que en varias oportunidades de la historia reciente del pas̕ ha suscitado debates sobre volver obligatorio el voto. En general, ello se fundamenta en una valoracin̤ positiva de la participacin̤ ciudadana y su importancia para la democracia; sin embargo, pocas veces esto se ha apoyado en un diagns̤tico riguroso del problema de la abstencin̤. Este libro tiene el objetivo de contribuir a este balance, estudiando la participacin̤ electoral desde varias perspectivas: histr̤ica, geogrf̀ica, sociolg̤ica y en clave comparativa con los dems̀ pas̕es de Amřica Latina. De este modo, muestra que la tendencia a la abstencin̤ no se puede generalizar al conjunto del pas̕. Por lo dems̀, busca contribuir al debate sobre el voto obligatorio, al delimitar, con base en los resultados electorales, los grupos que son menos susceptibles de hacerse escuchar a travš de las urnas y qu ̌tipo de problemas plantean estas disparidades para la democracia en Colombia. Palabras clave: derecho constitucional, derechos civiles, participacin̤ ciudadana, elecciones, legislacin̤, sufragio, democracia en Colombia. 
506 1 |a Disponible solo en los productos indicados  |d vLex Global  |d vLex Global (Academic Edition, excluding Law Schools)  |d vLex Global (U.S. Academic Edition, Law Schools)  |d vLex Global (U.S. Academic Edition, excluding Law Schools)  |d vLex Global (Academic Edition, Law Schools) 
650 0 4 |a Derecho Constitucional  |z Colombia 
700 1 |a Guavita, Lina Vanessa 
740 0 |a vLex Libros (Servicio en ln̕ea) 
856 4 0 |u http://vlex.com/source/radiografia-del-desencanto-la-participacion-electoral-en-colombia-30939  |z Acceso restringido 
942 |c BOOK 
999 0 |a Constitutional right